| 000 | 00565nam a2200169 4500 | ||
|---|---|---|---|
| 001 | 1505 | ||
| 005 | 20181127163426.0 | ||
| 020 | 0 | 0 | _a9788190391108 |
| 090 | 0 | 0 | _a954.98 C549b 2006 |
| 100 | 0 | 0 | _aChopra, Serena. |
| 245 | 0 | 0 |
_aBhutan: a certain modernity / _b _cSerena Chopra. _h |
| 260 | 0 | 0 |
_aNew Delhi ; _bPhotoink, _c2006. |
| 300 | 0 | 0 | _a79 p. |
| 500 | _a"A certain modernity" is at once a record of Bhutan's move towards modernity and an evocative jouney into the lives of the Bhutanese people. | ||
| 500 | 0 | 0 | _aIn English. |
| 650 | 0 | 0 |
_aModernism --Bhutan --History. _x |
| 999 |
_c1120 _d1120 |
||